书目信息 |
| 题名: |
车主手册
|
|
| 作者: | 刘成武 , 姚胜华 主编 | |
| 分册: | ||
| 出版信息: | 北京 化学工业出版社 2014 |
|
| 页数: | 196页 | |
| 开本: | 21cm | |
| 丛书名: | ||
| 单 册: | ||
| 中图分类: | U471.2 , U472.2 | |
| 科图分类: | ||
| 主题词: | 汽车--使用--基本知识 , 汽车--保养--基本知识 , 汽车 | |
| 电子资源: | ||
| ISBN: | 978-7-122-19771-9 | |
| 000 | 01030nam0 2200289 450 | |
| 001 | 012015000019 | |
| 005 | 20150911083038.06 | |
| 010 | @a978-7-122-19771-9@dCNY29.00 | |
| 100 | @a20140727d2014 em y0chiy50 ea | |
| 101 | 0 | @achi |
| 102 | @aCN@b110000 | |
| 105 | @aa z 000yy | |
| 106 | @ar | |
| 200 | 1 | @a车主手册@Ache zhu shou ce@e汽车保养150问@f刘成武,姚胜华主编 |
| 210 | @a北京@c化学工业出版社@d2014 | |
| 215 | @a196页@c图@d21cm | |
| 330 | @a本书利用通俗易懂的语言,采用问答的形式,深入浅出地解答了私家车主在使用、保养爱车过程中常见但极为重要的150多个问题。内容涉及新车磨合期保养、日常保养、发动机保养、底盘保养、电器设备保养、车身保养,以及爱车在特殊气候条件下的保养、4S店保养等多个方面。 | |
| 517 | 1 | @a汽车保养150问 |
| 606 | 0 | @a汽车@x使用@x基本知识 |
| 606 | 0 | @a汽车@x保养@x基本知识 |
| 606 | 0 | @a汽车 |
| 690 | @aU471.2@v5 | |
| 690 | @aU472.2@v5 | |
| 701 | 0 | @a刘成武@Aliu cheng wu@4主编 |
| 701 | 0 | @a姚胜华@Ayao sheng hua@4主编 |
| 801 | 0 | @aCN@b碧洲教育@c20150716 |
| 905 | @a10447@f4@dU471.2@e254 | |
| 车主手册:汽车保养150问/刘成武,姚胜华主编.-北京:化学工业出版社,2014 |
| 196页:图;21cm |
| ISBN 978-7-122-19771-9:CNY29.00 |
| 本书利用通俗易懂的语言,采用问答的形式,深入浅出地解答了私家车主在使用、保养爱车过程中常见但极为重要的150多个问题。内容涉及新车磨合期保养、日常保养、发动机保养、底盘保养、电器设备保养、车身保养,以及爱车在特殊气候条件下的保养、4S店保养等多个方面。 |
| ● |
| 相关链接 |
|
|
|
|
正题名:车主手册
索取号:U471.2/254
 
预约/预借
| 序号 | 登录号 | 条形码 | 馆藏地/架位号 | 状态 | 备注 |
| 1 | 0870923 | 208709236 | 第二样本阅览室/ [索取号:U471.2/254] | 在馆 | |
| 2 | 0870924 | 208709245 | 第三借阅区/ [索取号:U471.2/254] | 在馆 | |
| 3 | 0870925 | 208709254 | 第三借阅区/ [索取号:U471.2/254] | 在馆 | |
| 4 | 0870926 | 208709263 | 第三借阅区/ [索取号:U471.2/254] | 在馆 |